header

Assessing medical technologies (Record no. 28356)

MARC details
000 -LEADER
fixed length control field 01693nam a2200373Ia 4500
082 04 - DEWEY DECIMAL CLASSIFICATION NUMBER
Classification number 610/.28
245 10 - TITLE STATEMENT
Title Assessing medical technologies
260 ## - PUBLICATION, DISTRIBUTION, ETC. (IMPRINT)
Place of publication Washington, D.C. :
Name of publisher National Academy Press,
Year of publication c1985.
300 ## - PHYSICAL DESCRIPTION
Number of Pages xvii, 573 p. :
Other physical details ill.
500 ## - GENERAL NOTE
General note Outgrowth of a conference held by the Institute of Medicine in 1980.
General note Prepared by the Committee for Evaluating Medical Technologies in Clinical Use.
650 #0 - SUBJECT ADDED ENTRY--TOPICAL TERM
Topical Term Medical care
Topical Term Technology assessment
Topical Term Medical technology
Topical Term Medical care.
Topical Term Technology assessment.
Topical Term Medical technology
856 40 - ELECTRONIC LOCATION AND ACCESS
Uniform Resource Identifier http://site.ebrary.com/lib/rucke/Doc?id=10068408

No items available.

© 2026 Rongo University
Contact us: librarian | system librarian | Rongo university